Avec Jean LEFEBVRE ... ou pas - Statistiques

Statistiques générales
  • Ce quiz a été pris 26 fois
  • Le résultat moyen est 6 sur 36
Answers on the Grid
Answers color-coded by a green-red scale on the quiz's grid according to % correct below.
Les diaboliques (1955)
Gas-oil (1955)
Quand la femme s'en mêle (1957)
La belle américaine (1961)
Un clair de lune à Maubeuge (1962)
Le gentleman d'Epsom (1962)
Les tontons flingueurs (1963)
Faites sauter la banque (1964)
Le gendarme de Saint-Tropez (1964)
Les gorilles (1964)
Monsieur (1964)
Les copains (1965)
Quand passent les faisans (1965)
On a volé la Joconde (1966)
Angélique et le Roy (1966)
Ne nous fâchons pas (1966)
Du mou dans la gâchette (1967)
Un idiot à Paris (1967)
Le fou du labo 4 (1967)
Mais où est donc passée la septième compagnie ? (1973)
La valise (1973)
Le magnifique (1973)
Quelques messieurs trop tranquilles (1973)
Le solitaire (1973)
Impossible... pas français (1974)
C'est pas parce qu'on a rien à dire qu'il faut fermer sa gueule... (1975)
Le jour de gloire (1976)
La situation est grave mais... pas désespérée ! (1976)
La septième compagnie au clair de lune (1977)
Ils sont fous ces sorciers (1978)
Tendrement vache (1979)
Le temps des vacances (1979)
Le braconnier de Dieu (1983)
Le gaffeur (1985)
L'impossible Monsieur Pipelet (1955)
Le gorille vous salue bien (1958)
C’est pas moi, c’est l’autre (1962)
La foire aux cancres (1963)
Un drôle de paroissien (1963)
La métamorphose des cloportes (1965)
La grande lessive (1968)
Faut pas prendre les enfants du bon Dieu pour des canards sauvages (1968)
Poussez pas grand-père dans les cactus (1969)
Le mur de l'Atlantique (1970)
Elle boit pas, elle fume pas, elle drague pas, mais... elle cause ! (1970)
Le cri du cormoran le soir au-dessus des jonques (1971)
Le drapeau noir flotte sur la marmite (1971)
Le viager (1972)
Tout le monde il est beau, tout le monde il est gentil (1972)
Pleure pas la bouche pleine (1973)
Les gaspards (1974)
Un chien dans un jeu de quilles (1983)
Alexandre le Bienheureux (1968)
Ursule et Grelu (1974)
Prends ta Rolls et va pointer (1981)
On n'est pas sorti de l'auberge (1982)
 
Statistiques - réponses
Réponse % Correct
Le gendarme de Saint-Tropez (1964)
63%
Mais où est donc passée la septième compagnie ? (1973)
63%
La septième compagnie au clair de lune (1977)
56%
Les tontons flingueurs (1963)
50%
Le jour de gloire (1976)
38%
C'est pas parce qu'on a rien à dire qu'il faut fermer sa gueule... (1975)
31%
Faites sauter la banque (1964)
19%
La belle américaine (1961)
19%
Ne nous fâchons pas (1966)
19%
Un clair de lune à Maubeuge (1962)
19%
Un idiot à Paris (1967)
19%
Angélique et le Roy (1966)
13%
Ils sont fous ces sorciers (1978)
13%
Impossible... pas français (1974)
13%
Le magnifique (1973)
13%
Les copains (1965)
13%
Les gorilles (1964)
13%
Le temps des vacances (1979)
13%
La situation est grave mais... pas désespérée ! (1976)
6%
La valise (1973)
6%
Le braconnier de Dieu (1983)
6%
Le gaffeur (1985)
6%
Le gentleman d'Epsom (1962)
6%
Les diaboliques (1955)
6%
Le solitaire (1973)
6%
Monsieur (1964)
6%
On n'est pas sorti de l'auberge (1982)
6%
Prends ta Rolls et va pointer (1981)
6%
Quand passent les faisans (1965)
6%
Quelques messieurs trop tranquilles (1973)
6%
Tendrement vache (1979)
6%
Du mou dans la gâchette (1967)
0%
Gas-oil (1955)
0%
Le fou du labo 4 (1967)
0%
On a volé la Joconde (1966)
0%
Quand la femme s'en mêle (1957)
0%
Aucun quiz correspondant
Distribution des résultats
% des personnes avec chaque résultat
Percentile par nombre de réponses
Votre historique - résultats
Vous n’avez pas pris ce quiz